Medeni usul ve icra-iflas hukukçuları toplantısı - VII (Record no. 4217)
[ view plain ]
| 000 -BAŞLIK | |
|---|---|
| Sabit Uzunlukta Kontrol Alanı | 01060na a2200301 4500 |
| 001 - KONTROL NUMARASI | |
| Denetim Alanı | 16956 |
| 003 - KONTROL NUMARASI IDENTIFIER | |
| Denetim Alanı | MIRAKIL |
| 005 - SON İŞLEM TARİHİ VE ZAMANI | |
| Denetim Alanı | 20181213154957.0 |
| 008 - SABİT-BOY VERİ ELEMANLARI - GENEL BİLGİLER | |
| Sabit Uzunlukta Kontrol Alanı | 161018b tu 000 0 |
| 020 ## - ULUSLARARASI STANDART KİTAP NUMARASI | |
| Uluslararası Standart Kitap Numarası | 9786055614027 |
| 035 ## - SİSTEM KONTROL NUMARASI | |
| Sistem Kontrol Numarası | 16956 |
| 040 ## - KATALOGLAMA KAYNAK | |
| Orijinal Kataloglama Ajansı | Milas |
| Kataloglama Dili | tur |
| Metne Dönüştürmek Ajansı | TR-AnCHP |
| 041 ## - DİL KODU | |
| Metin / Ses Parça Veya Ayrı Başlığın Dil Kodu | tur |
| -- | ger |
| 082 ## - DEWEY ONLU SINIFLANDIRMA NUMARASI | |
| Sınıflandırma Numarası | 346.077 |
| Ürün Numarası | M32m 2009 |
| 090 ## - SINIFLAMA NUMARASI | |
| Sınıflama Numarası | 346.077 M32m 2009 |
| 111 ## - ANA GİRİŞ - TOPLANTI ADI | |
| Giriş Elemanı Olarak Toplantı Adı Veya Yargı Alanı Adı | Medeni Usul ve İcra-İflas Hukukçuları Toplantısı |
| Toplantının Yeri | İzmir |
| Toplantı Veya Antlaşma İmzalandığı Tarihi | 2008 |
| Bölüm / Bölüm / Toplantı Sayısı | 7 |
| 245 ## - BAŞLIK TABLOSU | |
| Başlık | Medeni usul ve icra-iflas hukukçuları toplantısı - VII |
| Başlığın Kalan | İlamsız icra |
| Sorumluluk Tablosu, Vb | Türkiye Barolar Birliği |
| 246 ## - UNVAN FORM VARYING | |
| Başlık Doğru / Kısa Başlığı | İlamsız icra |
| 260 ## - YAYIN, DAĞITIM, VB | |
| Yayın, Dağıtım, Vb Yeri | Ankara |
| Yayıncı, Dağıtıcı, Vs Adı | Türkiye Barolar Birliği |
| Yayın, Dağıtım, Vb Tarihi | 2009 |
| 300 ## - FİZİKSEL TANIM | |
| Kapsam | ix, 322 s. |
| Boyutlar | 24 sm. |
| 490 ## - SERİSİ TABLOSU | |
| Seri Beyanı | Türkiye Barolar Birliği yayınları |
| Hacim / Ardışık Tanımı | 163 |
| 500 ## - GENEL NOT | |
| Genel Not | Eser adı başında: Doçent Dr. Haluk Konuralp'in Anısına |
| 650 ## - KONU KATMA GİRİŞ - TOPİKAL DÖNEM | |
| Topikal Süreli Veya Coğrafi Ad Giriş Elemanı | İcra hukuku |
| Genel Alt Bölümü | Eleştiriler |
| Kronolojik Alt Bölümü | Toplantılar |
| Coğrafi Alt Bölümü | Türkiye |
| 650 ## - KONU KATMA GİRİŞ - TOPİKAL DÖNEM | |
| Topikal Süreli Veya Coğrafi Ad Giriş Elemanı | İcra hukuku |
| Kronolojik Alt Bölümü | Toplantılar |
| Coğrafi Alt Bölümü | Almanya |
| 650 ## - KONU KATMA GİRİŞ - TOPİKAL DÖNEM | |
| Topikal Süreli Veya Coğrafi Ad Giriş Elemanı | İcra hukuku |
| Kronolojik Alt Bölümü | Toplantılar |
| Coğrafi Alt Bölümü | İsviçre |
| 710 ## - KATMA GİRİŞ - KURUMSAL ADI | |
| Giriş Elemanı Olarak Kurumsal Ad Veya Yargı Alanı Adı | Türkiye Barolar Birliği |
| 942 ## - EKLENDİ GİRİŞ ELEMANLARI (KOHA) | |
| Sınıflandırma Veya Raf Düzeni Kaynak | |
| Koha Öğesi Türü | Books |
| 999 ## - SİSTEM KONTROL NUMARALARI (KOHA) | |
| Koha Biblionumber | 4217 |
| Koha Biblioitemnumber | 4217 |
| Kalıcı Konum | Mevcut Konum | Edinme Tarihi | Edinim Kaynak | Seri Numaralandırma / Kronolojik | Toplam Check-Out'Lar | Tam Çağrı Numarası | Barkod | Tarih Son Görülme | İtibaren Geçerli Fiyatlar | Koha Öğesi Türü |
|---|---|---|---|---|---|---|---|---|---|---|
| CHP Kütüphanesi | CHP Kütüphanesi | 10/18/2016 | Bağış | c.2 | 346.077 M32m 2009 | 005424 | 10/18/2016 | 10/18/2016 | Books |
